|
|
|
|
| LEADER |
00000naa a2200000uu 4500 |
| 001 |
vtls010956045 |
| 003 |
SK-MaSNL |
| 005 |
20260302130007.0 |
| 008 |
210909|2000 xo |||||||||||||||||slo| |
| 015 |
|
|
|a SNBRA
|
| 035 |
|
|
|a (urnnbn)urn:nbn:sk:snk:ar-a0bnoh
|
| 035 |
|
|
|a (uuid)ac4b3cab-e477-4103-b732-45322324ef43
|
| 035 |
|
|
|a urn:nbn:sk:snk-aaufm9
|
| 040 |
|
|
|a SNKBUCL
|b slo
|c SNKBUCL
|e AACR2
|
| 041 |
0 |
|
|a slo
|
| 044 |
|
|
|a xo
|c SK
|
| 100 |
1 |
|
|a Drlička, Róbert,
|d 1975-
|4 aut
|9 196371
|
| 245 |
1 |
0 |
|a ENERGETICKÁ NÁROČNOSŤ PRI VŔTANÍ KRÁTKYCH DIER
|c Róbert Drlička, Vladimír Kročko
|
| 246 |
3 |
|
|a POWER CONSUMPTION BY DRILLING OF SHORT HOLES
|
| 700 |
1 |
|
|a Kročko, Vladimír,
|d 1955-
|4 aut
|9 110208
|
| 773 |
0 |
|
|t Energetika budúcnosti
|d V Nitre : Slovenská poľnohospodárska univerzita, 2000
|g S. 45-49
|z 807137721X
|
| 958 |
|
|
|a OND
|
| 958 |
|
|
|a article11
|
| 958 |
|
|
|a chapter
|
| 999 |
|
|
|c 1296839
|d 1298769
|